Statistics for Quick calculus

Click here to take the quiz!

General Stats

  • This quiz has been taken 2,112 times
  • The average score is 4 of 5

Answer Stats

HintAnswer% Correct
4x^624x^5
90%
4x^3+4012x^2
86%
4x+14
81%
cosx-sinx
73%
4x^7+3x^828x^6+24x^7
67%

Score Distribution

Percentile by Number Answered

Percent of People with Each Score

Your Score History

You have not taken this quiz